000 00466nam a2200193Ia 4500
005 20240913130139.0
008 240913s9999||||xx |||||||||||||| ||und||
041 _aENGLISH
082 _A621.4021 N4
100 _aCengel,Yunus A
245 0 _aThermodynamics
250 _a2nd
260 _c1994
_bM.H.I.,Newyork
500 _aREFERENCE
650 _aThermodynamics
_bAeronautical Engineering
700 _a Boles,Michael A
942 _cREF
999 _c247072
_d247072